| 000 | 01165cam a2200289 a 4500 | ||
|---|---|---|---|
| 005 | 20160610090427.0 | ||
| 008 | 940210s1994 dcua b 101 0 eng | ||
| 020 | _a1559633166 | ||
| 040 |
_aDLC _cDLC _dCO-BoIAVH |
||
| 041 | 0 | _aspa | |
| 044 | _ack | ||
| 082 | 0 | 0 |
_a333.7 _bI62n |
| 245 | 0 | 0 |
_aInvesting in natural capital : _bthe ecological economics approach to sustainability / _ceditado por AnnMari Jansson [y otros 3] ; editora técnica, Sandra Koskoff. |
| 260 |
_aWashington, D.C. : _bIsland Press, _cc1994. |
||
| 300 |
_axvi, 504 páginas : _bilustraciones ; _c24 x 16 cm. |
||
| 504 | _aIncluye referencias bibliográficas e índice. | ||
| 650 | 1 | 6 |
_aDesarrollo sosteible _xCongresos |
| 650 | 2 | 6 |
_aRecursos naturales _xAdministración _xCongresos |
| 650 | 2 | 6 |
_aDesarrollo económico _xAspectos ambientales _xCongresos |
| 650 | 2 | 6 |
_aEconomía medioambiental _xCongresos |
| 700 | 1 |
_aJansson, A.-M. _eeditora |
|
| 700 | 1 |
_aHammer, Monica _eeditora |
|
| 700 | 1 |
_aFolke, Carl _eeditor |
|
| 700 | 1 |
_aConstanza, Robert _eeditor |
|
| 700 | 1 |
_aKoskoff, Sandra _eeditora técnica |
|
| 942 |
_2ddc _cLIBRO |
||
| 999 |
_c4319 _d4319 |
||